000 00659nab a2200181 4500
999 _c372311
_d372311
001 90031
003 OSt
005 20230328092420.0
007 tu
008 110905s2000|||||||
040 _aDE-2950
_cDE-2950
245 0 0 _aBauarbeiten im City Park Hotel.
_bRenovierung. Die Absperrung an dem Gebäude in Frankfurt ist nicht zu übersehen. Geschäftsführerin Imogen Liebe zeigt die teilweise schon fertigen Zimmer und erklärt ihre Pläne /
_cPhilipp Stepputtis
264 _c2023
653 _aFrankfurt (Oder)
653 _aCity Park Hotel
773 0 _g34. Jahrgang (2023) Nr. 66, 18./19.03.2023, S. 19: mit Foto
_tMärkische Oderzeitung
942 _2z
_cA